|
|
|
|
| LEADER |
00000nab a2200000 a 4500 |
| 001 |
vtls000288480 |
| 003 |
SK-MaSNL |
| 005 |
20260303192928.0 |
| 008 |
111202c1986 xo 0 cze |
| 015 |
|
|
|a SNBRA19rr/mm-uuuuu
|
| 035 |
|
|
|a CL0298598
|
| 040 |
|
|
|a SNKBUCL
|b slo
|c SNKBUCL
|e AACR2
|
| 041 |
0 |
|
|a cze
|
| 044 |
|
|
|a xo
|c SK
|
| 080 |
|
|
|a 332.2/.6:347.235:681.3
|2 1981
|
| 080 |
|
|
|a 347.235
|2 1981
|
| 080 |
|
|
|a 681.3
|2 1981
|
| 100 |
1 |
|
|a Šmolík, Marcel
|4 aut
|9 1223705
|
| 245 |
1 |
0 |
|a Automatizované zpracování evidence právních vztahů
|c Marcel Šmolík
|
| 650 |
0 |
7 |
|a nehnuteľnosti
|2 snkbucl
|9 3653
|
| 650 |
0 |
7 |
|a evidencia nehnuteľností
|2 snkbucl
|9 16630
|
| 650 |
0 |
7 |
|a vzťahy právne
|2 snkbucl
|9 1114511
|
| 650 |
0 |
7 |
|a automatizácia
|2 snkbucl
|9 1428
|
| 655 |
|
7 |
|a články zo zborníkov
|2 snkbucl
|9 166140
|
| 773 |
0 |
|
|t Evidencia nehnuteľností
|d Žilina : Dom techniky ČSVTS, 1986
|
| 850 |
|
|
|a Slovenská národná knižnica v Martine
|a MTA001
|
| 852 |
|
|
|a SNK
|b KIS3GCP
|
| 958 |
|
|
|a RK
|
| 992 |
|
|
|a RZB
|
| 999 |
|
|
|c 2149489
|d 2151419
|